| 000 | 00464nam a22001817a 4500 | ||
|---|---|---|---|
| 003 | NUST - PNEC | ||
| 005 | 20170116181049.0 | ||
| 008 | 150928b xxu||||| |||| 00| 0 eng d | ||
| 020 | _a8122416861 | ||
| 040 | _cLIBRARY | ||
| 082 | _a629.8312 NAK | ||
| 100 |
_911786 _a Nakra, B. C |
||
| 245 |
_aTheory and applications of automatic controls _cB. C. Nakra |
||
| 250 | _a2nd ed. | ||
| 260 | _cc2005 | ||
| 650 |
_97706 _aAutomatic control _xME |
||
| 942 |
_2ddc _cBK |
||
| 999 |
_c68310 _d68310 |
||